000 00653nam a2200277Ia 4500
005 20260324145531.0
008 008 260324s9999 xx 000 0 eng d
020 _a9781003509486
037 _aEBOOK
040 _aCRL
040 _beng
040 _cCRL
041 _2eng
041 _aeng
084 _qCRL
100 _aJohn Rule
_91215258
245 4 _aThe Experience of Labour in Eighteenth-Century Industry
260 _bTaylor and Francis
260 _c1981
365 _a
365 _b135
856 _uhttp://www.taylorfrancis.com/books/9781003509486
942 _cEBOOK
999 _c1831343
_d1831343